| 000 | 00922cam a2200205 4500 | ||
|---|---|---|---|
| 001 | WB3638-04 | ||
| 008 | 000000n2000 000 0 eng u | ||
| 035 | _a(Sirsi) u108446 | ||
| 245 | _aPlanners try to stop Dome demolition | ||
| 260 | _c2000 | ||
| 490 |
_aFinancial Times _v 23/24 September 2000, 3(1) |
||
| 520 | _aGreenwich council hopes to save the Dome from eventual demolition by requesting it become a listed building. The council argued that the Dome is representative of the area's regeneration and should remain a landmark. This may prove difficult under the English Heritage's current criteria, and could also hinder government attempts to sell the Dome. | ||
| 590 | _aWB | ||
| 650 | _aMILLENNIUM DOME | ||
| 650 | _aDEMOLITION | ||
| 650 | _aLISTED BUILDINGS | ||
| 650 | _aENGLISH HERITAGE | ||
| 690 | _aBUILT ENVIRONMENT-BUILDING MAINTENANCE AND REFURBISHMENT-BUILDING CONSERVATION | ||
| 942 | _n0 | ||
| 999 |
_c64749 _d64749 |
||